Napoleon is dead in Russia / (Record no. 26098)
[ view plain ]
| 000 -LEADER | |
|---|---|
| fixed length control field | 00994nam a2200301 a 4500 |
| 001 - CONTROL NUMBER | |
| control field | 26098 |
| 003 - CONTROL NUMBER IDENTIFIER | |
| rucl marc code | BD-RjUL |
| 005 - DATE AND TIME OF LATEST TRANSACTION | |
| control field | 20211209050954.0 |
| 008 - FIXED-LENGTH DATA ELEMENTS--GENERAL INFORMATION | |
| fixed length control field | 140320t19701968enk b 000 1 eng d |
| 020 ## - INTERNATIONAL STANDARD BOOK NUMBER | |
| International Standard Book Number | 004808008X |
| 035 ## - SYSTEM CONTROL NUMBER | |
| System control number | (BD-RjUL)26168 |
| 040 ## - CATALOGING SOURCE | |
| Original cataloging agency | LC |
| Language of cataloging | eng |
| Transcribing agency | LC |
| Modifying agency | BD-RjUL |
| 041 1# - LANGUAGE CODE | |
| Language code of text/sound track or separate title | engita |
| 082 00 - DEWEY DECIMAL CLASSIFICATION NUMBER | |
| Classification number | 853.914 |
| Author mark and year | ARN 1970 |
| 100 1# - MAIN ENTRY--PERSONAL NAME | |
| Personal name | Artom, Guido. |
| 9 (RLIN) | 80203 |
| 245 10 - TITLE STATEMENT | |
| Title | Napoleon is dead in Russia / |
| Statement of responsibility, etc. | Guido Artom; translated by Muriel Grindrod. |
| 260 ## - PUBLICATION, DISTRIBUTION, ETC. (IMPRINT) | |
| Place of publication, distribution, etc. | London : |
| Name of publisher, distributor, etc. | Allen & Unwin, |
| Date of publication, distribution, etc. | c1968 [1970]. |
| 300 ## - PHYSICAL DESCRIPTION | |
| Pagination | 256 p. ; |
| Size | 23 cm. |
| 504 ## - BIBLIOGRAPHY, ETC. NOTE | |
| Bibliography, etc | Includes bibliographical references. |
| 600 10 - SUBJECT ADDED ENTRY--PERSONAL NAME | |
| Personal name | Malet, Claude Francois de, |
| Dates associated with a name | 1754-1812 |
| General subdivision | Fiction. |
| 651 #0 - SUBJECT ADDED ENTRY--GEOGRAPHIC NAME | |
| Geographic name | France |
| General subdivision | History |
| Chronological subdivision | Consulate and First Empire, 1799-1815 |
| General subdivision | Fiction. |
| 9 (RLIN) | 80205 |
| 942 ## - ADDED ENTRY ELEMENTS (KOHA) | |
| Source of classification or shelving scheme | Dewey Decimal Classification |
| Koha item type | Books |
| Lost status | Source of classification or shelving scheme | Damaged status | Not for loan | Collection code | Permanent Location | Current Location | Shelving location | Date acquired | Source of acquisition | Cost, normal purchase price | Total Checkouts | Full call number | Date last seen | Copy number | Koha item type |
|---|---|---|---|---|---|---|---|---|---|---|---|---|---|---|---|
| Dewey Decimal Classification | Added to bundle | Fiction | Central Library, University of Rajshahi | Central Library, University of Rajshahi | Reading Room | 13/07/1972 | Book centre. | 46.20 | 853.914 ARN 1970 | 20/03/2014 | C-1 | Books |